LEADER 01116nam0-22003011i-450- 001 990003180060403321 005 20041020094828.0 035 $a000318006 035 $aFED01000318006 035 $a(Aleph)000318006FED01 035 $a000318006 100 $a20030910d1998----km-y0itay50------ba 101 0 $aita 102 $aIT 200 1 $aRelazioni banca-impresa ed efficienza allocativa nel centro-nordest e nel mezzogiorno$fGiovanni Ferri, Marcello Messori 210 $aMilano$cUniversità commerciale Luigi Bocconi. Centro di economia monetaria e finanziaria Paolo Baffi$d1998 225 1 $aQuaderni di ricerca$fCentro di economia monetaria e finanziaria Paolo Baffi$v122 610 0 $aBanche e imprese 610 0 $aCredito e squilibri regionali$aItalia 700 1$aFerri,$bGiovanni$070168 701 1$aMessori,$bMarcello$f<1950- >$0118774 801 0$aIT$bUNINA$gRICA$2UNIMARC 901 $aBK 912 $a990003180060403321 952 $aPaper 1/122$fSES 959 $aSES 996 $aRelazioni banca-impresa ed efficienza allocativa nel centro-nordest e nel mezzogiorno$9452641 997 $aUNINA